Dragon Ball attaque - Statistiques

Statistiques générales
  • Ce quiz a été pris 471 fois
  • Le résultat moyen est 8 sur 10
Answers on the Grid
Answers color-coded by a green-red scale on the quiz's grid according to % correct below.
Boule de feu
Kamehameha
Big bang
taki
Poing du dragon
Final flash
Flammes de catastrophe
Souffle de la flamme
Burning attack
Demon slash
Kienzan
Boogie woogie
Rasengan
Makankosappo
Mode ermite
Crush cannon
Katon
Téléportation
Kaioken
 
Statistiques - réponses
Réponse % Correct
Kamehameha
99%
Final flash
88%
Big bang
83%
Kaioken
82%
Makankosappo
76%
Téléportation
76%
Kienzan
75%
Poing du dragon
75%
Burning attack
60%
Crush cannon
44%
Aucun quiz correspondant
Distribution des résultats
% des personnes avec chaque résultat
Percentile par nombre de réponses
Votre historique - résultats
Vous n’avez pas pris ce quiz